000 00503nam a22001697a 4500
005 20251108165549.0
008 250721s9999 xx 000 0 ara d
082 1 4 _aط/210/كتا
100 1 _aعبده، يحي
_eرسام
245 1 0 _aكتاب المسلم الصغير /
264 1 _aالقاهرة :
_bشركة سفير -وحدة ثقافة الطفل،
_c[19-].
300 _a2ج0
490 0 _aاجيالنا الرشيدة
650 1 7 _aالإسلام
942 _2ddc
_cBK
999 _c30860
_d30860